000 00269nam a22001217a 4500
008 171123b xxu||||| |||| 00| 0 eng d
041 _aeng
080 _21ST
_a62
100 _a26
101 _aIM
245 _aHANDBOOK OF FIXTURE DESIGN
_cWILSON,F.W
942 _2udc
_cBK
999 _c38396
_d38396